| 000 | 00000nam##2200000za#4500 |
| 001 | 9.681643 |
| 003 | CaOODSP |
| 005 | 20210615132451 |
| 007 | ta |
| 008 | 150407|2001||||xxc||||| f|0| 0 fre|d |
| 020 | |a0-662-86298-8 |
| 040 | |aCaOODSP|bfre |
| 043 | |an-cn--- |
| 086 | 1 |aH21-183/2001F |
| 110 | 1 |aCanada.|bSanté Canada. |bDirection générale de la politique de la santé et des communications. |
| 245 | 10|aEntente fédérale-provinciale-territoriale sur le développement de la petite enfance : |brapport sur les activités et dépenses du gouvernement du Canada pour 2000-2001 |
| 260 | |aOttawa - Ontario : |bSanté Canada. |c2001. |
| 300 | |a62p. : |btableaux ; |c28 cm. |
| 500 | |aCe rapport est co-publié par Santé Canada, Développement des ressources humaines Canada, et Affaires indiennes et du Nord Canada. |
| 563 | |aCouverture souple |
| 590 | |a01-48|b2001-11-30 |
| 691 | 07|aAccord fédéral-provincial|2gcpds |
| 691 | 07|aAccord fédéral-territorial|2gcpds |
| 691 | 07|aEnfance|2gcpds |
| 691 | 07|aDéveloppement de l'enfant|2gcpds |
| 775 | 08|tFederal/Provincial/Territorial Early Childhood Development Agreement : |w(CaOODSP)9.648346 |
| 776 | 0#|tEntente fédérale-provinciale-territoriale sur le développement de la petite enfance |w(CaOODSP)9.640470 |